Statistiken für Palmen aus Plastik 1,2,3

Klicken Sie hier um das Quiz zu spielen!

Allgemein

  • Dieses Quiz wurde 14 mal gespielt
  • Das Durchschnittsergebnis liegt bei 12 aus 44

Antwortstatistiken

Palmen aus Plastik 1% Korrekt
Palmen aus Plastik
92%
Mörder
77%
500 PS
69%
Ohne mein Team
69%
Kokain
62%
Attackieren
46%
100
38%
Erblindet
38%
Nummer Unterdrückt
38%
Cabriolet
31%
Evil
31%
Intro
31%
Intro
31%
Intro
31%
Nein
31%
Risiko
31%
Ruhe nach dem Sturm
31%
Taxi
31%
Alien
23%
Dankbarkeit
23%
Eine Idee
23%
Ja Mann!
23%
Killa
23%
Kompanie
23%
Krimineller
23%
letztes mal
23%
September
23%
Vaporizer
23%
Von ihnen gelernt
23%
Alles umsonst
15%
Ciao Ciao
15%
MDMA
15%
Prominent
15%
Prophezeit
15%
Sommer
15%
Unterwegs
15%
Butterfly
8%
Daneben
8%
Diamant
8%
Problem
8%
Skimaske
8%
Wer hat Angst
8%
Zu spät
8%
Destination
0%

Verteilung der Resultate

Perzentil nach korrekt beantworteten Fragen

Anzahl Personen mit jedem Resultat

Ihre Resultats-Entwicklung

Sie haben dieses Quiz noch nicht gespielt